Vak gyűlölet A Berliner Tageblatt haditudósitójának jelentése
Elmentve itt :
| Dokumentumtípus: | Cikk |
|---|---|
| Megjelent: |
1915-01-20
|
| Sorozat: | Délmagyarország
4 No. 18 |
| Kulcsszavak: | Világháború 1. |
| Online Access: | http://dmarchiv.bibl.u-szeged.hu/57029 |
| LEADER | 00442nab a2200145 i 4500 | ||
|---|---|---|---|
| 001 | delm57029 | ||
| 005 | 20180927144641.0 | ||
| 008 | 180927s1915 hu o 0|| hun d | ||
| 040 | |a SZTE Délmagyarország Archívum |b hun | ||
| 041 | |a hun | ||
| 245 | 0 | 0 | |a Vak gyűlölet |h [elektronikus dokumentum] : |b A Berliner Tageblatt haditudósitójának jelentése |
| 260 | |c 1915-01-20 | ||
| 300 | |a 3 | ||
| 490 | 0 | |a Délmagyarország |v 4 No. 18 | |
| 695 | |a Világháború 1. | ||